01170pam a2200253 a 45000010008000000030004000080050017000120080041000290100017000700200021000870400023001080500020001310600015001510820016001662450100001822500012002822600042002943000061003365040051003975050341004486500031007896500044008207000052008641087563OSt20170208123017.0920513s1993 moua b 001 0 eng c a 92018765  a0801662869 (set) aDNLM/DLCcDLCdDLC00aRF51b.O86 1992 aWV 168 O8800a617.5/122000aOtolaryngology--head and neck surgery /cedited by Charles W. Cummings ; with 274 contributors. a2nd ed. aSt. Louis :bMosby Year Book,cc1993. a4 v. (xxxvii, 3397, 70 p.) :bill. (some col.) ;c29 cm. aIncludes bibliographical references and index.0 av. 1 General, face, nose, paranasal sinuses / edited by Charles J. Krause -- v. 2. Salivary glands, oral cavity/oropharynx/nasopharynx, neck / edited by David E. Schuller -- v. 3. Larynx/hypopharynx, trachea/bronchus/esophagus, thyroid/parathyroid / edited by John M. Fredrickson -- v. 4. Ear and cranial base / edited by Lee A. Harker. 0aOtolaryngology, Operative. 2aOtorhinolaryngologic Diseasesxsurgery.1 aCummings, Charles W.q(Charles William),d1935-